[Event "DSOL 05 Liga Gr-B 1st"]
[Site "Playchess.com INT"]
[Date "2020.07.23"]
[Round "5.3"]
[White "Opitz, Christian"]
[Black "Meier, Rudolf"]
[Result "1-0"]
[WhiteElo "1908"]
[BlackElo "1770"]
[PlyCount "53"]
[EventDate "2020.06.22"]
[EventType "team-tourn (rapid)"]
[EventCountry "GER"]
[SourceTitle "EXT 2021"]
[Source "ChessBase"]
[SourceDate "2020.10.23"]
[SourceVersion "1"]
[SourceVersionDate "2020.10.23"]
[SourceQuality "1"]
[WhiteTeam "Radolfzell"]
[BlackTeam "Birkenfeld"]
[WhiteTeamCountry "GER"]
[BlackTeamCountry "GER"]

1. e4 e6 2. d4 d5 3. e5 c5 4. Qg4 Nc6 5. Nf3 cxd4 6. Bd3 Nge7 7. 0-0 Ng6 8. Re1 Qc7 9. Qg3 Nb4 10. Nxd4 Nxd3 11. cxd3 Bc5 12. Nf3 0-0 13. d4 Bb4 14. Bd2 Bxd2 15. Nbxd2 Bd7 16. Nb3 b6 17. Rac1 Qb7 18. h4 Rac8 19. h5 Ne7 20. Qg5 Ba4 21. h6 Ng6 22. hxg7 Rfe8 23. Qh6 Rxc1 24. Rxc1 f6 25. exf6 Qf7 26. Ng5 Qxf6 27. Qxh7# 1-0

[Event "Schleswig Holstein-ch Seniors op 9th"]
[Site "Buesum"]
[Date "2015.10.06"]
[Round "8"]
[White "Bullert, Wolfgang"]
[Black "Opitz, Christian"]
[Result "1/2-1/2"]
[WhiteElo "1923"]
[BlackElo "2016"]
[PlyCount "27"]
[EventDate "2015.09.28"]
[EventType "swiss"]
[EventRounds "9"]
[EventCountry "GER"]
[SourceTitle "EXT 2018"]
[Source "ChessBase"]
[SourceDate "2017.10.13"]
[SourceVersion "1"]
[SourceVersionDate "2017.10.13"]
[SourceQuality "1"]

1. d4 Nf6 2. f3 d5 3. e4 dxe4 4. Nc3 e3 5. Bxe3 Bf5 6. Bd3 Bg6 7. Nge2 e6 8. Ne4 Nbd7 9. N2c3 Be7 10. 0-0 0-0 11. Nxf6+ Nxf6 12. Bxg6 hxg6 13. Qe2 c6 14. Ne4 1/2-1/2

[Event "Schleswig Holstein-ch Seniors op 9th"]
[Site "Buesum"]
[Date "2015.10.05"]
[Round "7"]
[White "Zunker, Reinhard"]
[Black "Opitz, Christian"]
[Result "1-0"]
[WhiteElo "2135"]
[BlackElo "2016"]
[PlyCount "117"]
[EventDate "2015.09.28"]
[EventType "swiss"]
[EventRounds "9"]
[EventCountry "GER"]
[SourceTitle "EXT 2018"]
[Source "ChessBase"]
[SourceDate "2017.10.13"]
[SourceVersion "1"]
[SourceVersionDate "2017.10.13"]
[SourceQuality "1"]

1. d4 Nf6 2. Bg5 e6 3. e4 Be7 4. Bd3 d6 5. Ne2 Nbd7 6. c3 e5 7. 0-0 0-0 8. Ng3 h6 9. Be3 Re8 10. f4 c6 11. Nd2 Qc7 12. h3 Nf8 13. Nf3 Ng6 14. f5 Nf8 15. Qd2 Kh7 16. Nh1 Bxf5 17. Ng5+ hxg5 18. Rxf5 g4 19. hxg4 Bd8 20. Nf2 Ng6 21. g3 d5 22. Kg2 exd4 23. Bf4 Nxf4+ 24. Rxf4 dxc3 25. Qxc3 dxe4 26. Nxe4 Nxe4 27. Bxe4+ Kg8 28. Rh1 Bf6 29. Bh7+ Kf8 30. Qc5+ Qe7 31. Qh5 Qe5 32. Bf5 Qd5+ 33. Be4 Rxe4 34. Qxd5 cxd5 35. Rh8+ Ke7 36. Rxe4+ dxe4 37. Rxa8 Bd4 38. Rb8 Ke6 39. Rxb7 Kd5 40. Rxf7 Kc4 41. Rc7+ Kd3 42. Rd7 Ke3 43. b4 Bc3 44. b5 Ke2 45. Rxa7 e3 46. a4 Kd1 47. Re7 e2 48. Kf3 e1Q 49. Rxe1+ Kxe1 50. b6 Ba5 51. b7 Bc7 52. a5 Bb8 53. g5 Kd2 54. Ke4 Kc3 55. g4 Kb4 56. Kf5 Kxa5 57. Kg6 Be5 58. b8Q Bxb8 59. Kxg7 1-0

[Event "Schleswig Holstein-ch Seniors op 9th"]
[Site "Buesum"]
[Date "2015.09.30"]
[Round "3"]
[White "Opitz, Christian"]
[Black "Fritsch, Juergen"]
[Result "0-1"]
[WhiteElo "2016"]
[BlackElo "1868"]
[PlyCount "126"]
[EventDate "2015.09.28"]
[EventType "swiss"]
[EventRounds "9"]
[EventCountry "GER"]
[SourceTitle "EXT 2018"]
[Source "ChessBase"]
[SourceDate "2017.10.13"]
[SourceVersion "1"]
[SourceVersionDate "2017.10.13"]
[SourceQuality "1"]

1. e4 e5 2. Nf3 Nc6 3. Bc4 Bc5 4. d3 d6 5. Nc3 Nd4 6. Nxd4 Bxd4 7. Qh5 g6 8. Qf3 Be6 9. Bb3 c6 10. Be3 Bxe3 11. Qxe3 Qe7 12. 0-0 Nf6 13. f4 0-0 14. Rae1 Kg7 15. f5 Bxb3 16. axb3 h6 17. Ne2 Qd8 18. Qg3 Nh5 19. Qf3 Qg5 20. Kh1 Nf6 21. Ng3 Qg4 22. Qxg4 Nxg4 23. Rf3 Nf6 24. h3 Nh7 25. Ref1 h5 26. h4 Nf6 27. Rg1 Ng4 28. Nf1 f6 29. fxg6 Kxg6 30. Ng3 Nh6 31. Rgf1 Rf7 32. Kh2 Raf8 33. Nf5 Nxf5 34. Rxf5 d5 35. Kh3 dxe4 36. dxe4 Rd8 37. g4 hxg4+ 38. Kxg4 Rd2 39. h5+ Kg7 40. R1f2 Rd1 41. Rg2 Kh6 42. Rff2 Rg7+ 43. Kh3 Rxg2 44. Kxg2 Kxh5 45. Rxf6 Rd2+ 46. Kf3 Rxc2 47. Rf5+ Kg6 48. Rxe5 Rxb2 49. Re7 Rxb3+ 50. Kf4 a5 51. Ke5 a4 52. Re8 Kf7 53. Ra8 Rb4 54. Ra7 Ke7 55. Ra8 Kd7 56. Kf5 b5 57. Ra7+ Kd6 58. e5+ Kc5 59. e6 Rb1 60. e7 Re1 61. Kf6 Kb4 62. Rd7 c5 63. Rd5 Rxe7 0-1

[Event "GER-chA Seniors 26th"]
[Site "Bad Neuenahr"]
[Date "2014.08.08"]
[Round "4"]
[White "Fritsch, Juergen"]
[Black "Opitz, Christian"]
[Result "0-1"]
[WhiteElo "1930"]
[BlackElo "2022"]
[PlyCount "68"]
[EventDate "2014.08.05"]
[EventType "swiss"]
[EventRounds "9"]
[EventCountry "GER"]
[SourceTitle "EXT 2018"]
[Source "ChessBase"]
[SourceDate "2017.10.13"]
[SourceVersion "1"]
[SourceVersionDate "2017.10.13"]
[SourceQuality "1"]

1. d4 Nf6 2. Bg5 e6 3. e3 Be7 4. Nf3 d6 5. Bc4 Nbd7 6. 0-0 0-0 7. Nbd2 Re8 8. c3 Nf8 9. Qc2 Ng6 10. Rad1 Nd7 11. Bxe7 Qxe7 12. b4 b6 13. a4 Bb7 14. Bb5 c6 15. Bd3 c5 16. Qb2 e5 17. dxe5 dxe5 18. Be4 Rab8 19. Qb1 Nf6 20. Bxb7 Qxb7 21. Nc4 Qc7 22. Nd6 Red8 23. Nb5 Qe7 24. Rxd8+ Rxd8 25. bxc5 bxc5 26. c4 e4 27. Ng5 Qe5 28. Nh3 Ng4 29. g3 Nh4 30. Rd1 Nf3+ 31. Kg2 Rxd1 32. Qxd1 h6 33. Nxa7 Qb2 34. Nc6 Nxe3+ 0-1

[Event "Lipperland op 13th"]
[Site "Doerentrup"]
[Date "2014.06.05"]
[Round "7"]
[White "Opitz, Christian"]
[Black "Bachmann, Rolf"]
[Result "0-1"]
[WhiteElo "2029"]
[BlackElo "2032"]
[PlyCount "52"]
[EventDate "2014.05.30"]
[EventType "swiss"]
[EventRounds "9"]
[EventCountry "GER"]
[SourceTitle "EXT 2019"]
[Source "ChessBase"]
[SourceDate "2018.10.10"]
[SourceVersion "1"]
[SourceVersionDate "2018.10.10"]
[SourceQuality "1"]

1. e4 Nf6 2. Nc3 d5 3. exd5 Nxd5 4. Bc4 c6 5. d4 Bf5 6. Nf3 e6 7. 0-0 Nxc3 8. bxc3 Be7 9. Bf4 Nd7 10. Bd3 Bg6 11. Re1 0-0 12. Ne5 Nxe5 13. Bxe5 Bd6 14. Qg4 Bxe5 15. Rxe5 Qb6 16. Rc5 Rfd8 17. h4 Rd5 18. Rxd5 cxd5 19. Re1 Bxd3 20. cxd3 Rc8 21. Re3 Rxc3 22. Rg3 g6 23. Qf4 Qc7 24. Qf6 Rc1+ 25. Kh2 h5 26. f4 Rf1 0-1

[Event "Merano Gold Cup 41st"]
[Site "Merano"]
[Date "2013.04.??"]
[Round "6"]
[White "Opitz, Christian"]
[Black "Spanton, Timothy"]
[Result "1-0"]
[WhiteElo "2029"]
[BlackElo "2022"]
[PlyCount "93"]
[EventDate "2013.04.19"]
[EventType "swiss"]
[EventRounds "9"]
[EventCountry "ITA"]
[SourceTitle "EXT 2015"]
[Source "ChessBase"]
[SourceDate "2014.11.20"]
[SourceVersion "1"]
[SourceVersionDate "2014.11.20"]
[SourceQuality "1"]

1. e4 e6 2. d4 d5 3. e5 c5 4. Qg4 cxd4 5. Nf3 Nc6 6. Bd3 Qc7 7. Bf4 Nge7 8. 0-0 Ng6 9. Re1 Nxf4 10. Qxf4 f6 11. Nbd2 fxe5 12. Nxe5 Nxe5 13. Bb5+ Bd7 14. Bxd7+ Qxd7 15. Qxe5 Bb4 16. Qxe6+ Qxe6 17. Rxe6+ Kd7 18. Re2 Rhe8 19. Rxe8 Rxe8 20. Nb3 Re2 21. Rc1 d3 22. Kf1 Rxc2 23. Rxc2 dxc2 24. Ke2 Bd6 25. Kd2 Bxh2 26. Kxc2 Bg1 27. Nc5+ Kd6 28. Nxb7+ Ke5 29. Nc5 g5 30. Kd2 h5 31. Ke2 h4 32. Kf3 Kf5 33. g4+ Ke5 34. Kg2 Bxf2 35. Kxf2 Kf4 36. b4 Kxg4 37. b5 Kf4 38. a4 g4 39. a5 Ke5 40. b6 axb6 41. a6 bxc5 42. a7 Ke4 43. a8Q c4 44. Qe8+ Kf5 45. Qd7+ Kf4 46. Qxd5 g3+ 47. Kg2 1-0

[Event "Arber op 1st"]
[Site "Bayerisch Eisenstein"]
[Date "2012.08.20"]
[Round "3"]
[White "Opitz, Christian"]
[Black "Plaettner, Stefan"]
[Result "1/2-1/2"]
[WhiteElo "1942"]
[BlackElo "1859"]
[PlyCount "46"]
[EventDate "2012.08.18"]
[EventType "swiss"]
[EventRounds "9"]
[EventCountry "GER"]
[SourceTitle "CBM 150 Extra"]
[Source "ChessBase"]
[SourceDate "2012.10.19"]
[SourceVersion "1"]
[SourceVersionDate "2012.10.19"]
[SourceQuality "1"]

1. e4 d6 2. d4 Nf6 3. Nc3 c6 4. Bd3 e5 5. Be3 Be7 6. dxe5 dxe5 7. Nf3 Nbd7 8. h3 Qc7 9. 0-0 0-0 10. Nd2 Bc5 11. Qe2 b5 12. Bg5 a5 13. Nd1 Be7 14. c3 Nc5 15. Bc2 Be6 16. Ne3 Rfd8 17. Nf5 Bxf5 18. exf5 Nd5 19. Bxe7 Qxe7 20. Ne4 Nf4 21. Qe3 Nxe4 22. Bxe4 Rd6 23. Rad1 Rad8 1/2-1/2

[Event "Arber op 1st"]
[Site "Bayerisch Eisenstein"]
[Date "2012.08.19"]
[Round "2"]
[White "Strasser, Josef"]
[Black "Opitz, Christian"]
[Result "0-1"]
[WhiteElo "1784"]
[BlackElo "1942"]
[PlyCount "94"]
[EventDate "2012.08.18"]
[EventType "swiss"]
[EventRounds "9"]
[EventCountry "GER"]
[SourceTitle "CBM 150 Extra"]
[Source "ChessBase"]
[SourceDate "2012.10.19"]
[SourceVersion "1"]
[SourceVersionDate "2012.10.19"]
[SourceQuality "1"]

1. e4 e5 2. Nf3 Nc6 3. Nc3 Nf6 4. Bb5 d6 5. h3 Bd7 6. d4 exd4 7. Nxd4 Be7 8. Nxc6 bxc6 9. Bd3 0-0 10. 0-0 Bc8 11. Bg5 Nd7 12. Bxe7 Qxe7 13. f4 Nc5 14. Qf3 Rb8 15. b3 f5 16. Rae1 fxe4 17. Nxe4 Nxd3 18. Qxd3 Qh4 19. Qg3 Qxg3 20. Nxg3 Ba6 21. Rf2 Rbe8 22. Rd1 Re3 23. Kh2 g6 24. c4 Bc8 25. Re2 Rxe2 26. Nxe2 Bf5 27. Kg3 Re8 28. Kf2 h5 29. Nd4 Bd7 30. Re1 Rxe1 31. Kxe1 Kf7 32. Kf2 Kf6 33. Ke3 a6 34. Ne2 c5 35. Nc3 c6 36. Ne4+ Ke7 37. Nc3 Bf5 38. Kf3 h4 39. Ke3 Ke6 40. Kf3 d5 41. Na4 Kd6 42. Nb2 Be4+ 43. Kf2 Bb1 44. a3 a5 45. Ke3 Be4 46. Kf2 Bc2 47. b4 cxb4 0-1

[Event "Rhein Main op-A 15th"]
[Site "Bad Homburg"]
[Date "2012.06.10"]
[Round "7"]
[White "Opitz, Christian"]
[Black "Kaiser, Richard"]
[Result "0-1"]
[WhiteElo "2023"]
[BlackElo "2150"]
[PlyCount "80"]
[EventDate "2012.06.06"]
[EventType "swiss"]
[EventRounds "7"]
[EventCountry "GER"]
[SourceTitle "EXT 2013"]
[Source "ChessBase"]
[SourceDate "2012.11.22"]
[SourceVersion "1"]
[SourceVersionDate "2012.11.22"]
[SourceQuality "1"]

1. e4 Nf6 2. Nc3 e5 3. Bc4 Bc5 4. d3 d6 5. Bg5 h6 6. Bh4 Be6 7. Bb3 Nc6 8. Nf3 g5 9. Bg3 Bg4 10. h4 Rg8 11. hxg5 hxg5 12. Ne2 Bxf3 13. gxf3 Qe7 14. Qd2 0-0-0 15. 0-0-0 d5 16. Qe1 d4 17. Rh6 Kb8 18. Qh1 Na5 19. Qh3 Nxb3+ 20. axb3 Ne8 21. Qf5 Bd6 22. Rdh1 Ng7 23. Qf6 Qxf6 24. Rxf6 Rdf8 25. Rh7 Kc8 26. c3 dxc3 27. bxc3 Kd7 28. d4 Be7 29. Rfh6 exd4 30. Nxd4 a6 31. Kc2 Ne8 32. e5 Ng7 33. e6+ fxe6 34. Rxg7 Rxg7 35. Nxe6 Rgf7 36. Nxf8+ Rxf8 37. Rh7 Rxf3 38. b4 c6 39. Kb3 b5 40. Rg7 Rxc3+ 0-1

[Event "Rhein Main op-A 15th"]
[Site "Bad Homburg"]
[Date "2012.06.08"]
[Round "4"]
[White "Opitz, Christian"]
[Black "Perske, Thore"]
[Result "0-1"]
[WhiteElo "2023"]
[BlackElo "2073"]
[PlyCount "28"]
[EventDate "2012.06.06"]
[EventType "swiss"]
[EventRounds "7"]
[EventCountry "GER"]
[SourceTitle "EXT 2013"]
[Source "ChessBase"]
[SourceDate "2012.11.22"]
[SourceVersion "1"]
[SourceVersionDate "2012.11.22"]
[SourceQuality "1"]

1. e4 e6 2. d4 d5 3. e5 c5 4. Qg4 cxd4 5. Bd3 Nc6 6. Nf3 Qc7 7. Qg3 f6 8. 0-0 Nxe5 9. Nxd4 a6 10. Re1 Bd6 11. Nc3 Kf7 12. Nxe6 Bxe6 13. f4 Nxd3 14. Qxd3 Ne7 0-1

[Event "Dresden ZMD op"]
[Site "Dresden"]
[Date "2009.07.27"]
[Round "3"]
[White "Breder, Dennis"]
[Black "Opitz, Christian"]
[Result "1-0"]
[WhiteElo "2435"]
[BlackElo "2020"]
[PlyCount "141"]
[EventDate "2009.07.25"]
[EventType "swiss"]
[EventRounds "9"]
[EventCountry "GER"]
[SourceTitle "CBM 131 Extra"]
[Source "ChessBase"]
[SourceDate "2009.09.03"]
[SourceVersion "2"]
[SourceVersionDate "2009.09.16"]
[SourceQuality "1"]

1. e4 e5 2. Bc4 Bc5 3. d3 d6 4. Nc3 Nc6 5. Na4 Bb6 6. Nxb6 axb6 7. Ne2 Be6 8. Nc3 Nge7 9. Bg5 Qd7 10. 0-0 0-0 11. f3 f6 12. Bh4 d5 13. Bb5 Qd6 14. Bf2 Rfd8 15. exd5 Nxd5 16. Re1 Nf4 17. Bxc6 Qxc6 18. a3 Bf7 19. Qd2 Rd7 20. Bg3 Ne6 21. f4 exf4 22. Bxf4 Nxf4 23. Qxf4 Qc5+ 24. Kh1 Re7 25. Rxe7 Qxe7 26. Rf1 Re8 27. h3 Qe5 28. Qxe5 Rxe5 29. Rf4 Be8 30. Rc4 Bc6 31. d4 b5 32. dxe5 bxc4 33. exf6 gxf6 34. Kg1 Kf7 35. Kf2 Ke6 36. g3 Ke5 37. Ke3 Bd7 38. h4 Bf5 39. b3 Bxc2 40. bxc4 c6 41. Ne2 Bg6 42. Nf4 Bf5 43. Ne2 b5 44. Nd4 Bd7 45. Nf3+ Kf5 46. Nd2 Ke5 47. Nf3+ Kf5 48. Nd2 Ke5 49. cxb5 cxb5 50. Ne4 h5 51. Nc5 Be8 52. Nb3 Kf5 53. Nd4+ Kg4 54. Kf2 Bd7 55. Kg2 Be8 56. Ne6 Bd7 57. Nf4 Be8 58. Ne6 Bd7 59. Nd4 Be8 60. Kf2 Bd7 61. Nb3 Bc6 62. Nd4 Bd7 63. Nc2 Kf5 64. Kf3 Bc6+ 65. Ke3 Kg4 66. Kf2 Be8 67. Ne3+ Kh3 68. Kf3 Bf7 69. Nf5 Be6 70. Ng7 Bg4+ 71. Kf4 1-0

[Event "Seefeld op 19th"]
[Site "Seefeld"]
[Date "2008.09.08"]
[Round "4"]
[White "Jandke, Manfred"]
[Black "Opitz, Christian"]
[Result "1/2-1/2"]
[WhiteElo "2176"]
[BlackElo "2065"]
[PlyCount "124"]
[EventDate "2008.09.05"]
[EventType "swiss"]
[EventRounds "9"]
[EventCountry "AUT"]
[SourceTitle "EXT 2010"]
[Source "ChessBase"]
[SourceDate "2010.11.25"]
[SourceVersion "1"]
[SourceVersionDate "2010.11.25"]
[SourceQuality "1"]

1. Nf3 Nf6 2. d4 e6 3. g3 d5 4. Bg2 c5 5. 0-0 Nc6 6. b3 Be7 7. Bb2 0-0 8. Nbd2 cxd4 9. Nxd4 Nxd4 10. Bxd4 b6 11. e4 Bb7 12. e5 Nd7 13. Re1 Qc7 14. c3 Rac8 15. b4 Ba6 16. Re3 Nb8 17. f4 Nc6 18. Nf3 Bc4 19. Bh3 g6 20. g4 f5 21. exf6 Bxf6 22. Bxf6 Rxf6 23. g5 Rxf4 24. Bxe6+ Kg7 25. Bxc8 Qxc8 26. Qe1 Qf5 27. Re7+ Nxe7 28. Qxe7+ Kg8 29. Qe8+ Kg7 30. Qe5+ Qxe5 31. Nxe5 Rf5 32. Nc6 Rxg5+ 33. Kf2 Rf5+ 34. Kg3 Rf7 35. a4 Rc7 36. b5 a6 37. Nd4 Ra7 38. Nc6 Ra8 39. bxa6 Rxa6 40. Nb4 Ra5 41. Nc6 Rc5 42. Nd4 Ra5 43. Nc6 Ra8 44. Nd4 Kf6 45. Kf4 g5+ 46. Ke3 h5 47. Rb1 Ra6 48. Rb2 Rxa4 49. Rxb6+ Kf7 50. Nf3 Ra2 51. Nxg5+ Kg7 52. h3 Re2+ 53. Kf4 Rc2 54. Ne6+ Kf7 55. Kg5 Rxc3 56. Nf4 Re3 57. Kxh5 Be2+ 58. Kh4 d4 59. Rd6 d3 60. Kg5 Re5+ 61. Kh4 Re3 62. Ng2 Re6 1/2-1/2

[Event "Schwarzach op 23rd"]
[Site "Schwarzach"]
[Date "2008.08.16"]
[Round "1"]
[White "Opitz, Christian"]
[Black "Zakharchenko, Arnold"]
[Result "0-1"]
[WhiteElo "2065"]
[BlackElo "2271"]
[PlyCount "104"]
[EventDate "2008.08.16"]
[EventType "swiss"]
[EventRounds "9"]
[EventCountry "AUT"]
[SourceTitle "CBM 126 Extra"]
[Source "ChessBase"]
[SourceDate "2008.11.05"]
[SourceVersion "1"]
[SourceVersionDate "2008.11.05"]
[SourceQuality "1"]

1. e4 g6 2. d4 Bg7 3. c4 c5 4. Nf3 Nc6 5. d5 Nd4 6. Nc3 d6 7. Nxd4 Bxd4 8. Bd3 e6 9. 0-0 a6 10. Ne2 Bg7 11. Rb1 exd5 12. exd5 Nf6 13. Bg5 h6 14. Bf4 0-0 15. Ng3 Ng4 16. Be2 Ne5 17. Bd2 Qh4 18. b3 Ng4 19. Bxg4 Bxg4 20. Qc2 Bd7 21. Bc3 Rfe8 22. Bxg7 Kxg7 23. Rfe1 Qf6 24. Ne4 Rxe4 25. Qxe4 Bf5 26. Qf4 Bxb1 27. Qxf6+ Kxf6 28. Rxb1 b5 29. f4 Rb8 30. cxb5 Rxb5 31. Rd1 Rb4 32. g3 Kf5 33. Kf2 Ke4 34. Re1+ Kxd5 35. Re7 Rd4 36. Ke3 f5 37. Ra7 Re4+ 38. Kd3 Re1 39. Rxa6 Rh1 40. b4 cxb4 41. Ra5+ Ke6 42. Kc4 Rxh2 43. Kxb4 Rh3 44. Ra3 h5 45. Rc3 h4 46. gxh4 Rxh4 47. Rc4 Kd5 48. Kc3 Rh3+ 49. Kb4 Re3 50. a4 Re4 51. Rxe4 fxe4 52. a5 Kc6 0-1